| 000 | 01174 a2200229 4500 | ||
|---|---|---|---|
| 005 | 2009050108368.0 | ||
| 008 | 090501t xxu||||| |||| 00| 0 hind | ||
| 010 | _aHIN-97997 | ||
| 020 |
_a9788190551588 _c250.00 |
||
| 035 | _aHN-70343 | ||
| 037 | _bDBAD/PUB | ||
| 040 |
_adpl _bhn |
||
| 082 | _aक | ||
| 100 |
_aसुरेन्द्र कृष्णा _954915 |
||
| 245 |
_aमेरी प्रिय लघुकथाएँ / _cसुरेन्द्र कृष्णा |
||
| 260 |
_aदिल्ली _bगुप्ता पब्लिकेशन _c2012 |
||
| 270 |
_aए-100,साउथ अनारकली एक्स, शाहदरा _bदिल्ली _e110032 |
||
| 300 |
_a151पृ _c22 सेमी (सजिल्द) |
||
| 942 |
_adpl _cHN _2ddc _hक _mसुरेन्द्र |
||
| 999 |
_c73172 _d73172 |
||